000 00406nam a2200133Ia 4500
005 20260328104254.0
008 260328s9999||||xx |||||||||||||| ||und||
100 _aStengel, Richard
245 0 _aNature's Extremes :
_b Earthquakes, Tsunamis and the other natural disasters that shape Life on earth /
_cRichard Stengel
260 _bTime
300 _a135 p.
650 _aDESASTRES NATURALES
942 _cBK
999 _c10349
_d10349